Wilson and Walks Principles and Techniques of Teaching Biochemistry and Molecular Biology (Record no. 4597)

MARC details
000 -LEADER
fixed length control field 00567nam a22001817a 4500
008 - FIXED-LENGTH DATA ELEMENTS--GENERAL INFORMATION
fixed length control field 260306b |||||||| |||| 00| 0 eng d
020 ## - INTERNATIONAL STANDARD BOOK NUMBER
ISBN 9781316614761
100 ## - MAIN ENTRY--AUTHOR
Author Andreas Hofmann
245 ## - TITLE STATEMENT
Title Wilson and Walks Principles and Techniques of Teaching Biochemistry and Molecular Biology
250 ## - EDITION STATEMENT
Edition statement 8th
260 ## - PUBLICATION, DISTRIBUTION, ETC. (IMPRINT)
Place of publication United Kingdom
Name of publisher Cambridge University Press
Date of publication 2018
300 ## - COLLATION
Pagination xxvii,
Other physical details ill
650 ## - TRACINGS
Main Subject Biochemistry Textbooks
Subdivision (1st) Molecular Biology Textbooks
700 ## - ADDITIONAL AUTHOR
Additional Author Samuel Clokie
942 ## - ADDED ENTRY ELEMENTS (KOHA)
Item type Books
050 ## - LIBRARY OF CONGRESS CALL NUMBER
Classification number QP 519.7
Item number .W85
Holdings
Source of classification or shelving scheme Not for loan Permanent location Current location Date acquired Accession No. Full call number Barcode. Copy number Koha item type
Library of Congress Classification   Samuel Ogbemudia Main Library, University of Abuja Samuel Ogbemudia Main Library, University of Abuja 03/06/2026 2025/68909 QP 519.7 .W85 2026-0084 1 Books